Créatures dans Harry Potter - Statistiques

Statistiques générales
  • Ce quiz a été pris 499 fois
    376 depuis la dernière actualisation
  • Le résultat moyen est 19 sur 24
Statistiques - réponses
Nom Type de créature % Correct
Croûtard Rat
94%
Aragog Araignée
92%
Hedwige Chouette
92%
Dobby Elfe de maison
92%
Mimi Geignarde Fantôme
91%
Miss Teigne Chat
90%
Nagini Serpent
90%
Crockdur Chien
89%
Pattenrond Chat
88%
Touffu Chien à trois têtes
88%
Kreattur Elfe de maison
85%
Fumseck Phénix
83%
Trevor Crapaud
81%
Errol Chouette
80%
Norbert Dragon
77%
Firenze Centaure
76%
Buck Hippogriffe
76%
Graup Géant
72%
Peeves Esprit frappeur
69%
Gripsec Gobelin
69%
Coquecigrue Hibou
65%
Bane Centaure
57%
Arnold Boursouflet
37%
Magorian Centaure
37%
Aucun quiz correspondant
Distribution des résultats
% des personnes avec chaque résultat
Percentile par nombre de réponses
Votre historique - résultats
Vous n’avez pas pris ce quiz depuis la dernière actualisation